MARC

LEADER 00000nam0a2200000 4500
001 360028
005 20231102011237.0
035 |a (RuTPU)RU\TPU\retro\17335 
090 |a 360028 
100 |a 20210225d1910 k y0gery50 ba 
101 1 |a ger 
102 |a DE 
105 |a y z 000zy 
200 1 |a Zur theorie der Färbevorgänge  |e farbstoffaneignungsvermögen der farestoffe und homogenität der färbungen, als hauptmerkmale des echten färbens  |f W. Minajeff 
210 |a Berlin  |c Buchdruckererei des verlages für textil-industrie  |d 1910 
215 |a 4 s.  |c tabl. 
225 1 |a Zeitschrift für farben-industrie  |v Heft 9 
320 |a Библиогр. в примеч. 
541 1 |a Теория процесса окрашивания  |z rus 
606 1 |a Крашение  |2 stltpush  |3 (RuTPU)RU\TPU\subj\34918  |9 56741 
610 1 |a Коллекция ТПУ 
610 1 |a оттиски 
610 1 |a лакокрасочная промышленность 
610 1 |a технология 
610 1 |a методы 
610 1 |a красители 
610 1 |a системы 
610 1 |a волокна 
610 1 |a реакции 
610 1 |a устойчивость 
610 1 |a красящие вещества 
610 1 |a однородность 
610 1 |a исследования 
610 1 |a теории 
610 1 |a немецкий язык 
675 |a 667  |v 4 
700 1 |a Minajeff  |b W. 
801 1 |a RU  |b 63413507  |c 20210225 
801 2 |a RU  |b 63413507  |c 20210225  |g RCR 
942 |c BK